000 00773nam a22002417a 4500
003 BD-DhJNU
005 20250319050515.0
008 250319b |||||||| |||| 00| 0 eng d
020 _a9788132110118
040 _aBD-DhJNU
_bENG
_cBD-DhJNU
_dBD-DhJNU
082 _223
_a363.7 BEI
100 _aBell, Michael Mayerfeld
245 _aAn invitation to environmental sociology /
_cMichael Mayerfeld Bell and Michael S. Carolan
250 _a4th ed.
260 _aNew Delhi :
_bSAGE,
_c2012.
300 _a384p. :
_b ill. ;
_c25 cm.
504 _aIncludes bibliographical reference and index
650 _aEnvironmental ethics
650 _aEnvironmental responsibility
650 _aEnvironmental sociology
700 _aCarolan, Michael S.
942 _2ddc
_cBK
_n0
999 _c1512
_d1512